| 000 | 00704nam a2200289Ia 4500 | ||
|---|---|---|---|
| 005 | 20260324132724.0 | ||
| 008 | 008 260324s9999 xx 000 0 eng d | ||
| 020 | _a9780429211256 | ||
| 037 | _aEBOOK | ||
| 040 | _aCRL | ||
| 040 | _beng | ||
| 040 | _cCRL | ||
| 041 | _2eng | ||
| 041 | _aeng | ||
| 084 | _qCRL | ||
| 100 |
_aWilliam M. Yen; Marvin J. Weber _91190372 |
||
| 245 | 0 | _aInorganic Phosphors | |
| 245 | 0 | _bCompositions, Preparation and Optical Properties | |
| 260 | _bTaylor and Francis | ||
| 260 | _c2004 | ||
| 365 | _a | ||
| 365 | _b560 | ||
| 856 | _uhttp://www.taylorfrancis.com/books/9780429211256 | ||
| 942 | _cEBOOK | ||
| 999 |
_c1788716 _d1788716 |
||